My friend Slappy / R.L. Stine.
Available copies
- 1 of 2 copies available at LARL/NWRL Consortium.
Current holds
0 current holds with 2 total copies.
Show Only Available Copies
| Location | Call Number / Copy Notes | Barcode | Shelving Location | Status | Due Date |
|---|---|---|---|---|---|
| Breckenridge Public Library | J STI (Text) | 33500013293022 | Main | Checked out | 05/27/2026 |
| Fosston Public Library | J STI (Text) | 33500013293030 | Main | Available | - |
Record details
- ISBN: 1338355775
- ISBN: 9781338355772
- Physical Description: 137 pages ; 20 cm.
- Publisher: New York, NY : Scholastic, [2020]
- Copyright: ©2020
Content descriptions
| Summary, etc.: | Bullies are after Barton Suggs and his friend, ... Read More |
| Target Audience Note: | Appeals to 4th-6th graders. Reading level grade 4. |
Search for related items by subject
| Subject: | Bullying > Juvenile fiction. Ventriloquists' dummies > Juvenile fiction. Revenge > Juvenile fiction. |
Search for related items by series
| LDR | 01281cam a2200373Ii 4500 | ||
|---|---|---|---|
| 001 | 352209 | ||
| 003 | LARL_NWRL_CONSORTIUM | ||
| 005 | 20200930164421.0 | ||
| 008 | 191204t20202020nyu 000 1 eng d | ||
| 040 | . | ‡aYDX ‡beng ‡erda ‡cYDX ‡dBDX ‡dOCLCQ ‡dDAD | |
| 020 | . | ‡a1338355775 ‡q(pbk.) | |
| 020 | . | ‡a9781338355772 ‡q(pbk.) | |
| 035 | . | ‡a(OCoLC)1129164077 | |
| 082 | 0 | 4. | ‡a813.6 ‡223 |
| 100 | 1 | . | ‡aStine, R. L., ‡eauthor. ‡0(LARL_NWRL_CONSORTIUM)86057 |
| 245 | 1 | 0. | ‡aMy friend Slappy / ‡cR.L. Stine. |
| 264 | 1. | ‡aNew York, NY : ‡bScholastic, ‡c[2020] | |
| 264 | 4. | ‡c©2020 | |
| 300 | . | ‡a137 pages ; ‡c20 cm. | |
| 336 | . | ‡atext ‡btxt ‡2rdacontent | |
| 337 | . | ‡aunmediated ‡bn ‡2rdamedia | |
| 338 | . | ‡avolume ‡bnc ‡2rdacarrier | |
| 490 | 0 | . | ‡aGoosebumps SlappyWorld ; ‡v12 |
| 520 | . | ‡aBullies are after Barton Suggs and his friend, Lizzie, can't help so he makes a new friend. Slappy is always happy to help a buddy get revenge. | |
| 521 | . | ‡aAppeals to 4th-6th graders. | |
| 521 | . | ‡aReading level grade 4. | |
| 650 | 0. | ‡aBullying ‡vJuvenile fiction. ‡0(LARL_NWRL_CONSORTIUM)171105 | |
| 650 | 0. | ‡aVentriloquists' dummies ‡vJuvenile fiction. | |
| 650 | 0. | ‡aRevenge ‡vJuvenile fiction. ‡0(LARL_NWRL_CONSORTIUM)174678 | |
| 901 | . | ‡a352209 ‡b ‡c352209 ‡tbiblio | |

Add to basket
Permalink
Enable Highlighting